<?xml version="1.0" encoding="UTF-8"?><?xml-stylesheet type="text/xsl" href="static/style.xsl"?><OAI-PMH xmlns="http://www.openarchives.org/OAI/2.0/" xmlns:xsi="http://www.w3.org/2001/XMLSchema-instance" xsi:schemaLocation="http://www.openarchives.org/OAI/2.0/ http://www.openarchives.org/OAI/2.0/OAI-PMH.xsd"><responseDate>2026-04-13T13:16:10Z</responseDate><request verb="GetRecord" identifier="oai:www.recercat.cat:2072/397328" metadataPrefix="marc">https://recercat.cat/oai/request</request><GetRecord><record><header><identifier>oai:recercat.cat:2072/397328</identifier><datestamp>2024-10-29T19:40:44Z</datestamp><setSpec>com_2072_98</setSpec><setSpec>col_2072_378192</setSpec></header><metadata><record xmlns="http://www.loc.gov/MARC21/slim" xmlns:dcterms="http://purl.org/dc/terms/" xmlns:xsi="http://www.w3.org/2001/XMLSchema-instance" xmlns:doc="http://www.lyncode.com/xoai" xsi:schemaLocation="http://www.loc.gov/MARC21/slim http://www.loc.gov/standards/marcxml/schema/MARC21slim.xsd">
   <leader>00925njm 22002777a 4500</leader>
   <datafield ind2=" " ind1=" " tag="042">
      <subfield code="a">dc</subfield>
   </datafield>
   <datafield ind2=" " ind1=" " tag="720">
      <subfield code="a">Olmo Pintado, Margarita del</subfield>
      <subfield code="e">author</subfield>
   </datafield>
   <datafield ind2=" " ind1=" " tag="260">
      <subfield code="c">2007</subfield>
   </datafield>
   <datafield ind2=" " ind1=" " tag="520">
      <subfield code="a">Este texto se presentó como comunicación al II Congreso Internacional de Etnografía y Educación: Migraciones y Ciudadanías. Universidad Autónoma de Barcelona, Barcelona, 5-8 Septiembre 2008.</subfield>
   </datafield>
   <datafield ind2=" " ind1=" " tag="520">
      <subfield code="a">El objetivo del trabajo es presentar los resultados de un análisis del discurso de los estudiantes llegados recientemente a la Comunidad de Madrid, desde distintos países extranjeros, acerca de cómo fueron sus primeros momentos en el colegio y qué hicieron para integrarse en sus entornos.</subfield>
   </datafield>
   <datafield ind2=" " ind1=" " tag="520">
      <subfield code="a">El material que se va a emplear en el análisis se ha obtenido a partir de un trabajo de campo en curso en un Aula de Enlace, inscrito en los proyectos de investigación Estrategias de integración y prevención de Racismo en las escuelas y (HUM2006-03511/FILO) y Racismo, adolescencia e inmigración. Análisis y propuestas de Educación Antirracista (PR41/06-15046). Además se han empleado los materiales producidos por un proyecto anterior, realizado por el Grupo INTER, cuyos resultados han sido publicados con el título Racism. A Teeangers' Perspectiva. Results of Preliminary Research from Madrid, Spain. Este proyecto tuvo como objetivo analizar las percepciones de los adolescentes sobre experiencias de racismo en su vida cotidiana y, aunque se trata de un trabajo preliminar y de alcance muy limitado, produjo materiales muy interesantes que se han empleado en el trabajo para analizar los discursos de los estudiantes acerca de las estrategias de adaptación empleadas en su llegada a la Comunidad de Madrid.</subfield>
   </datafield>
   <datafield ind2=" " ind1=" " tag="520">
      <subfield code="a">Los resultados del análisis realizado, se presentan divididos en tres apartados diferentes. El primero de ellos, &lt;Percepción de la llegada> se ocupa de los discursos de los adolescentes acerca de los primeros momentos de su llegada a la Comunidad de Madrid procedentes de distintos países, sus respuestas se analizan a en relación con lo que supone una crisis de identidad originada por el desplazamientos. El segundo, &lt;Problemas en la vida diaria>, está dedicado al análisis de sus percepciones sobre los problemas que el traslado ha ocasionado en su vida cotidiana, y se presta una especial atención a los que tienen que ver con el racismo y sus consecuencias. El tercero y último, &lt;Estrategias para encajar>, trata las impresiones de estos chicos y chicas acerca de cómo solucionaron los problemas, cuáles fueron las estrategias que emplearon, tanto a nivel institucional como individual. Con todo ello, lo que pretende el trabajo es contribuir a hacer una reflexión acerca del tema de la integración en las escuelas de la Comunidad de Madrid y plantear el debate a partir de los elementos que el análisis señala como condiciones o elementos indispensables para que esta integración/adeptación se produzca.</subfield>
   </datafield>
   <datafield tag="653" ind2=" " ind1=" ">
      <subfield code="a">Integració</subfield>
   </datafield>
   <datafield tag="653" ind2=" " ind1=" ">
      <subfield code="a">Aules d'enllaç</subfield>
   </datafield>
   <datafield tag="653" ind2=" " ind1=" ">
      <subfield code="a">Perspectiva dels alumnes</subfield>
   </datafield>
   <datafield tag="653" ind2=" " ind1=" ">
      <subfield code="a">Integración</subfield>
   </datafield>
   <datafield tag="653" ind2=" " ind1=" ">
      <subfield code="a">Aulas de enlace</subfield>
   </datafield>
   <datafield tag="653" ind2=" " ind1=" ">
      <subfield code="a">Perspectiva de los alumnos</subfield>
   </datafield>
   <datafield ind2="0" ind1="0" tag="245">
      <subfield code="a">Estrategias de integración en las escuelas. Un análisis de la perspectiva de los alumnos</subfield>
   </datafield>
</record></metadata></record></GetRecord></OAI-PMH>